[Event "ROM-ch (Women)"]
[Site "Baile Olanesti"]
[Date "2010.02.05"]
[Round "7"]
[White "Olarasu, Ioana"]
[Black "Bulmaga, Elena"]
[Result "0-1"]
[WhiteElo "1803"]
[BlackElo "1769"]
[PlyCount "80"]
[EventDate "2010.01.31"]
[EventType "swiss"]
[EventRounds "9"]
[EventCountry "ROU"]
[SourceTitle "CBM 134 Extra"]
[Source "ChessBase"]
[SourceDate "2010.03.03"]
[SourceVersion "1"]
[SourceVersionDate "2010.03.03"]
[SourceQuality "1"]

1. d4 Nf6 2. c4 Nc6 3. Nf3 e6 4. Nc3 Bb4 5. Qc2 d6 6. Bd2 Qe7 7. a3 Bxc3 8. Bxc3 0-0 9. g3 e5 10. dxe5 dxe5 11. Bg2 Re8 12. Ng5 h6 13. Ne4 Bf5 14. Nxf6+ Qxf6 15. e4 Be6 16. Qe2 Qe7 17. b4 a6 18. 0-0 Rad8 19. Rfd1 Nd4 20. Bxd4 exd4 21. e5 c6 22. Rac1 Bf5 23. f4 Qe6 24. Qf2 d3 25. Rd2 Rd7 26. Qf1 Rd4 27. c5 Red8 28. h3 h5 29. Kh2 Qb3 30. Ra1 Rc4 31. Raa2 Rc3 32. Bf3 Qe6 33. Bxh5 Qe7 34. Bg4 Bxg4 35. hxg4 Qe6 36. Kh3 Rd4 37. Qf3 Rc1 38. Rab2 Qh6+ 39. Kg2 Qh1+ 40. Kf2 Qg1# 0-1

[Event "ROM-ch (Women)"]
[Site "Baile Olanesti"]
[Date "2010.02.02"]
[Round "4"]
[White "Olarasu, Ioana"]
[Black "Cusmuliuc, Diana Elena"]
[Result "1-0"]
[WhiteElo "1803"]
[BlackElo "1640"]
[PlyCount "91"]
[EventDate "2010.01.31"]
[EventType "swiss"]
[EventRounds "9"]
[EventCountry "ROU"]
[SourceTitle "CBM 134 Extra"]
[Source "ChessBase"]
[SourceDate "2010.03.03"]
[SourceVersion "1"]
[SourceVersionDate "2010.03.03"]
[SourceQuality "1"]

1. d4 Nf6 2. c4 e6 3. Nc3 Bb4 4. Qc2 c5 5. Nf3 Na6 6. Bd2 0-0 7. a3 Bxc3 8. Bxc3 b6 9. g3 Bb7 10. Bg2 Rb8 11. 0-0 h6 12. Rfd1 Ne4 13. d5 Nxc3 14. Qxc3 d6 15. e4 e5 16. Nh4 Bc8 17. Rf1 b5 18. b3 b4 19. axb4 Rxb4 20. f4 Re8 21. fxe5 Rxe5 22. Nf3 Rxe4 23. Qd3 Re8 24. Nh4 Qg5 25. Nf5 Bxf5 26. Rxf5 Re3 27. Qf1 Qe7 28. Qf2 Nb8 29. Rxf7 Qxf7 30. Qxe3 Rb7 31. Bh3 Kh8 32. Rf1 Qg8 33. Be6 Qe8 34. Qf4 Qe7 35. Qg4 Qg5 36. Qe4 Qd8 37. Qg6 Nd7 38. Rf7 Qg5 39. Qxg5 hxg5 40. Rxd7 Rxd7 41. Bxd7 Kh7 42. Kf2 Kg6 43. Kf3 Kf6 44. Kg4 g6 45. Bc8 a5 46. Be6 1-0

[Event "ROM-chT (Women)"]
[Site "Eforie Nord"]
[Date "2009.09.27"]
[Round "9"]
[White "Plass, Mariana Camelia"]
[Black "Olarasu, Ioana"]
[Result "1/2-1/2"]
[WhiteElo "2127"]
[BlackElo "1769"]
[PlyCount "59"]
[EventDate "2009.09.19"]
[EventType "team"]
[EventRounds "9"]
[EventCountry "ROU"]
[SourceTitle "CBM 132 Extra"]
[Source "ChessBase"]
[SourceDate "2009.11.03"]
[SourceVersion "1"]
[SourceVersionDate "2009.11.03"]
[SourceQuality "1"]

1. d4 Nf6 2. c4 e6 3. g3 Bb4+ 4. Bd2 Qe7 5. Bg2 0-0 6. Nc3 d6 7. Qb3 Bxc3 8. Bxc3 Nbd7 9. Nf3 Ne4 10. 0-0 f5 11. Nd2 Ndf6 12. f3 Nxc3 13. Qxc3 b6 14. e4 Bb7 15. exf5 exf5 16. Rae1 Qd7 17. d5 Rae8 18. Nb3 b5 19. Na5 Ba6 20. b3 bxc4 21. bxc4 Qa4 22. a3 Nd7 23. Rxe8 Rxe8 24. Rc1 Nc5 25. Bf1 Nd7 26. Qb4 Nc5 27. Qxa4 Nxa4 28. Kf2 Rb8 29. Bd3 Rb2+ 30. Rc2 1/2-1/2

[Event "ROM-chT (Women)"]
[Site "Eforie Nord"]
[Date "2009.09.25"]
[Round "7"]
[White "Kovacs, Ondina"]
[Black "Olarasu, Ioana"]
[Result "1-0"]
[WhiteElo "1952"]
[BlackElo "1769"]
[PlyCount "59"]
[EventDate "2009.09.19"]
[EventType "team"]
[EventRounds "9"]
[EventCountry "ROU"]
[SourceTitle "CBM 132 Extra"]
[Source "ChessBase"]
[SourceDate "2009.11.03"]
[SourceVersion "1"]
[SourceVersionDate "2009.11.03"]
[SourceQuality "1"]

1. e4 e5 2. Nf3 Nc6 3. Bb5 a6 4. Ba4 Nf6 5. Qe2 b5 6. Bb3 Be7 7. c3 d6 8. h3 Na5 9. Bc2 c5 10. d4 Qc7 11. d5 c4 12. Be3 Nb7 13. Nbd2 Bd7 14. 0-0 0-0 15. Ne1 Rfe8 16. f4 exf4 17. Rxf4 Bd8 18. g4 h6 19. Qf2 Qc8 20. Bd4 a5 21. Ng2 b4 22. Bxf6 Bxf6 23. Rxf6 gxf6 24. Qxf6 Qc5+ 25. Kh1 h5 26. Rf1 Nd8 27. gxh5 Bxh3 28. h6 Bxg2+ 29. Kxg2 Kf8 30. h7 1-0

[Event "ROM-chT (Women)"]
[Site "Eforie Nord"]
[Date "2009.09.23"]
[Round "5"]
[White "Sandu, Mihaela"]
[Black "Olarasu, Ioana"]
[Result "1-0"]
[WhiteElo "2270"]
[BlackElo "1769"]
[PlyCount "49"]
[EventDate "2009.09.19"]
[EventType "team"]
[EventRounds "9"]
[EventCountry "ROU"]
[SourceTitle "CBM 132 Extra"]
[Source "ChessBase"]
[SourceDate "2009.11.03"]
[SourceVersion "1"]
[SourceVersionDate "2009.11.03"]
[SourceQuality "1"]

1. e4 e5 2. Nf3 Nc6 3. Nc3 Nf6 4. g3 Bb4 5. Bg2 0-0 6. 0-0 d6 7. d3 h6 8. a3 Ba5 9. b4 Bb6 10. Na4 Be6 11. Bb2 Qd7 12. Nxb6 axb6 13. d4 exd4 14. Nxd4 Bc4 15. Re1 Ne5 16. Nf5 Qd8 17. Qd4 b5 18. f4 Nc6 19. Qc3 Kh7 20. Ne3 Be6 21. Qd3 Kg8 22. Qxb5 Rb8 23. Qd3 Nd7 24. e5 dxe5 25. f5 1-0

[Event "ROM-chT (Women)"]
[Site "Eforie Nord"]
[Date "2009.09.22"]
[Round "4"]
[White "Olarasu, Ioana"]
[Black "Jackova, Jana"]
[Result "0-1"]
[WhiteElo "1769"]
[BlackElo "2393"]
[PlyCount "92"]
[EventDate "2009.09.19"]
[EventType "team"]
[EventRounds "9"]
[EventCountry "ROU"]
[SourceTitle "CBM 132 Extra"]
[Source "ChessBase"]
[SourceDate "2009.11.03"]
[SourceVersion "1"]
[SourceVersionDate "2009.11.03"]
[SourceQuality "1"]

1. d4 Nf6 2. c4 e6 3. Nf3 b6 4. g3 Ba6 5. b3 Bb7 6. Bg2 Bb4+ 7. Bd2 a5 8. 0-0 0-0 9. a3 Bxd2 10. Qxd2 d6 11. Nc3 Nbd7 12. Rfe1 Ne4 13. Nxe4 Bxe4 14. Ng5 Bxg2 15. Kxg2 h6 16. Nf3 f5 17. b4 Qe8 18. Ra2 Nf6 19. Qc2 Qc6 20. Rc1 axb4 21. axb4 Rxa2 22. Qxa2 Ra8 23. Qb2 Ra4 24. Kg1 Qa8 25. Qb3 Ra3 26. Qc2 Ra2 27. Qd3 Qe4 28. Re1 Rb2 29. b5 Ng4 30. Qxe4 fxe4 31. Nh4 Rc2 32. h3 Nf6 33. e3 g5 34. Ng2 Rxc4 35. Rb1 Rc2 36. Ne1 Ra2 37. Kf1 Nd5 38. Rb3 Kf7 39. g4 Ke7 40. Kg2 Kd7 41. Kg3 c5 42. bxc6+ Kxc6 43. f4 b5 44. fxg5 hxg5 45. h4 gxh4+ 46. Kxh4 Re2 0-1

[Event "ROM-chT (Women)"]
[Site "Eforie Nord"]
[Date "2009.09.19"]
[Round "1"]
[White "Olarasu, Ioana"]
[Black "Peptan, Corina Isabela"]
[Result "0-1"]
[WhiteElo "1769"]
[BlackElo "2387"]
[PlyCount "80"]
[EventDate "2009.09.19"]
[EventType "team"]
[EventRounds "9"]
[EventCountry "ROU"]
[SourceTitle "CBM 132 Extra"]
[Source "ChessBase"]
[SourceDate "2009.11.03"]
[SourceVersion "1"]
[SourceVersionDate "2009.11.03"]
[SourceQuality "1"]

1. d4 Nf6 2. c4 e6 3. Nf3 b6 4. g3 Bb7 5. Bg2 Bb4+ 6. Bd2 Be7 7. Nc3 0-0 8. 0-0 c5 9. Bf4 cxd4 10. Qxd4 d6 11. Qd1 Nc6 12. e4 Rc8 13. Re1 a6 14. Rc1 Ng4 15. h3 Nge5 16. Nxe5 dxe5 17. Be3 Nd4 18. Ne2 Bc5 19. a3 a5 20. Nxd4 exd4 21. Bf4 Qe7 22. e5 Bxg2 23. Kxg2 Rfd8 24. Qd3 a4 25. Bd2 Qb7+ 26. Kg1 Qe7 27. Kg2 Rb8 28. Re4 Rd7 29. Rg4 f5 30. exf6 Qxf6 31. Bg5 Qf5 32. Rd1 Rf8 33. Bf4 e5 34. Qxf5 Rxf5 35. Rg5 Rdf7 36. Rxf5 Rxf5 37. Bd2 e4 38. Re1 d3 39. Rf1 Bd4 40. Bc1 Kf7 0-1

[Event "ROM-ch (Women)"]
[Site "Eforie Nord"]
[Date "2009.02.03"]
[Round "4"]
[White "Adoamnei, Roxana Antonela"]
[Black "Olarasu, Ioana"]
[Result "1/2-1/2"]
[WhiteElo "1992"]
[BlackElo "1819"]
[PlyCount "54"]
[EventDate "2009.01.31"]
[EventType "swiss"]
[EventRounds "9"]
[EventCountry "ROU"]
[SourceTitle "CBM 128 Extra"]
[Source "ChessBase"]
[SourceDate "2009.03.05"]
[SourceVersion "2"]
[SourceVersionDate "2009.03.25"]
[SourceQuality "1"]

1. d4 Nf6 2. Nf3 e6 3. e3 b6 4. Bd3 Bb7 5. 0-0 Be7 6. b3 d5 7. Bb2 Nbd7 8. Nbd2 0-0 9. Ne5 c5 10. f4 a6 11. Ndf3 h6 12. Nxd7 Nxd7 13. f5 exf5 14. Bxf5 Bf6 15. Ne5 Nxe5 16. dxe5 Bg5 17. Qf3 Qe7 18. Qe2 a5 19. Rad1 Rfd8 20. c4 dxc4 21. bxc4 Rxd1 22. Rxd1 Rd8 23. Rf1 Qe8 24. Qc2 Qc6 25. Bh3 Qe8 26. Bf5 Qc6 27. Bh3 Qe8 1/2-1/2

[Event "ROM-ch (Women)"]
[Site "Eforie Nord"]
[Date "2009.01.31"]
[Round "1"]
[White "Olarasu, Ioana"]
[Black "Paulet, Iozefina"]
[Result "0-1"]
[WhiteElo "1819"]
[BlackElo "2315"]
[PlyCount "84"]
[EventDate "2009.01.31"]
[EventType "swiss"]
[EventRounds "9"]
[EventCountry "ROU"]
[SourceTitle "CBM 128 Extra"]
[Source "ChessBase"]
[SourceDate "2009.03.05"]
[SourceVersion "2"]
[SourceVersionDate "2009.03.25"]
[SourceQuality "1"]

1. d4 Nf6 2. c4 e6 3. Nc3 Bb4 4. Bg5 c5 5. e3 Qa5 6. Nge2 Ne4 7. Bh4 Nxc3 8. bxc3 Bxc3+ 9. Nxc3 Qxc3+ 10. Ke2 Qxc4+ 11. Qd3 Qxd3+ 12. Kxd3 cxd4 13. Kxd4 d5 14. Bd3 Nc6+ 15. Kc3 b6 16. Rhc1 Bb7 17. Kd2 Kd7 18. Bg3 Rhc8 19. Rab1 Na5 20. Bb5+ Bc6 21. Ba6 Bb7 22. Bxb7 Nxb7 23. Rb2 Rxc1 24. Kxc1 Rc8+ 25. Rc2 Rxc2+ 26. Kxc2 Nc5 27. f3 f6 28. h4 h5 29. Be1 e5 30. Kc3 Ne6 31. Bf2 Kc6 32. g4 g6 33. Bg3 d4+ 34. Kd3 Nc5+ 35. Kd2 Kd5 36. exd4 exd4 37. Bf4 Kc4 38. Bd6 f5 39. gxf5 gxf5 40. Be5 b5 41. Bb8 a5 42. Ba7 b4 0-1

[Event "ROM-ch (Women)"]
[Site "Napoca"]
[Date "2008.02.25"]
[Round "6"]
[White "Uta, Adeline Ramona"]
[Black "Olarasu, Ioana"]
[Result "1-0"]
[WhiteElo "2031"]
[BlackElo "1795"]
[PlyCount "97"]
[EventDate "2008.02.25"]
[EventType "swiss"]
[EventRounds "9"]
[EventCountry "ROU"]
[SourceTitle "CBM 123 Extra"]
[Source "ChessBase"]
[SourceDate "2008.05.06"]
[SourceVersion "1"]
[SourceVersionDate "2008.05.06"]
[SourceQuality "1"]

1. e4 e5 2. Nf3 Nc6 3. d4 exd4 4. Nxd4 Bc5 5. Be3 Qf6 6. c3 Nge7 7. g3 0-0 8. Bg2 Bb6 9. 0-0 d6 10. Na3 Ng6 11. Nc4 Nxd4 12. cxd4 Re8 13. Nxb6 axb6 14. Qd2 Qe6 15. a3 Bd7 16. Rac1 c6 17. d5 cxd5 18. exd5 Qf6 19. Rc7 Bb5 20. Rfc1 Rab8 21. Qb4 Ba6 22. Qxb6 Ne5 23. Bd4 Nf3+ 24. Bxf3 Qxf3 25. Qxd6 Rbd8 26. Rd7 Rc8 27. Bc3 h6 28. Qb6 Bd3 29. Qd4 f6 30. Qf4 Qxf4 31. gxf4 Be4 32. Rxb7 Bxd5 33. Ra7 Bb3 34. Kg2 Re4 35. Kg3 Rcc4 36. Bd2 Rxc1 37. Bxc1 Re1 38. Bd2 Rg1+ 39. Kf3 Bd5+ 40. Ke3 Rh1 41. b4 Rxh2 42. b5 Rh3+ 43. Kd4 h5 44. Kxd5 Rd3+ 45. Kc6 Rxd2 46. b6 h4 47. b7 Rc2+ 48. Kd5 Rb2 49. Ra8+ 1-0

[Event "EU-ch U14 Girls"]
[Site "Herceg Novi"]
[Date "2006.09.18"]
[Round "8"]
[White "Messina, Roberta"]
[Black "Olarasu, Ioana"]
[Result "1/2-1/2"]
[WhiteElo "1859"]
[BlackElo "1905"]
[PlyCount "112"]
[EventDate "2006.09.10"]
[EventType "swiss"]
[EventRounds "9"]
[EventCountry "MNE"]
[SourceTitle "CBM 114 Extra"]
[Source "ChessBase"]
[SourceDate "2006.11.03"]
[SourceVersion "1"]
[SourceVersionDate "2006.11.03"]
[SourceQuality "1"]

1. e4 e5 2. Nf3 Nc6 3. Bc4 Bc5 4. c3 Nf6 5. d3 h6 6. h3 0-0 7. Nbd2 Re8 8. 0-0 d6 9. Re1 Bb6 10. Bb3 a6 11. Nf1 Be6 12. Ng3 Re7 13. Nh4 Re8 14. Nhf5 Ne7 15. Qf3 Ng6 16. Nh5 Nxh5 17. Qxh5 Qf6 18. Be3 Ba7 19. Qf3 Nh4 20. Nxh4 Qxh4 21. Bxa7 Rxa7 22. Bd5 c6 23. Bb3 Bxb3 24. axb3 Raa8 25. Re3 Re6 26. Qg3 Qe7 27. Rf3 Rg6 28. Qh2 Qg5 29. Rd1 Qh5 30. g4 Qh4 31. Qg3 Qg5 32. Rf5 Qe7 33. Kh2 Qe6 34. c4 Rf6 35. Rxf6 Qxf6 36. Re1 Re8 37. Re3 c5 38. Qf3 Qd8 39. Qd1 Qa5 40. Qe1 Qb6 41. Qc3 a5 42. Re1 Qc7 43. Qd2 Re6 44. Re3 Rf6 45. Kg2 Rf4 46. Rf3 Rxf3 47. Kxf3 b6 48. Kg2 Qe7 49. Qe3 Qd7 50. Qd2 Qa7 51. Qd1 Qa6 52. Qc2 b5 53. Kg3 b4 54. Qd1 Qc6 55. Qa1 Qc7 56. Qa4 Qd8 1/2-1/2

[Event "EU-ch U14 Girls"]
[Site "Herceg Novi"]
[Date "2006.09.16"]
[Round "6"]
[White "Pavlidou, Ekaterini"]
[Black "Olarasu, Ioana"]
[Result "1/2-1/2"]
[WhiteElo "1960"]
[BlackElo "1905"]
[PlyCount "79"]
[EventDate "2006.09.10"]
[EventType "swiss"]
[EventRounds "9"]
[EventCountry "MNE"]
[SourceTitle "CBM 114 Extra"]
[Source "ChessBase"]
[SourceDate "2006.11.03"]
[SourceVersion "1"]
[SourceVersionDate "2006.11.03"]
[SourceQuality "1"]

1. d4 Nf6 2. c4 e6 3. Nc3 Bb4 4. Qc2 0-0 5. Nf3 d6 6. Bg5 h6 7. Bh4 Nbd7 8. e3 b6 9. Be2 Bb7 10. a3 Bxc3+ 11. Qxc3 c5 12. 0-0 Qc7 13. Nd2 Ne4 14. Nxe4 Bxe4 15. Rfd1 Rfe8 16. Qd2 Nf8 17. Bg3 Qe7 18. dxc5 dxc5 19. Qd6 Qg5 20. h4 Qf6 21. Qe5 Qxe5 22. Bxe5 Ng6 23. Bg3 Rad8 24. h5 Ne7 25. Bc7 Rc8 26. Bh2 Red8 27. Rac1 Nf5 28. Rxd8+ Rxd8 29. Rd1 Rxd1+ 30. Bxd1 Ne7 31. Ba4 Bc6 32. Bc2 Bb7 33. f3 f6 34. Kf2 e5 35. f4 exf4 36. Bxf4 Kf7 37. Ba4 Bc6 38. Bb5 Ke6 39. Ba6 Be4 40. Bb5 1/2-1/2

[Event "EU-ch U14 Girls"]
[Site "Herceg Novi"]
[Date "2006.09.14"]
[Round "5"]
[White "Olarasu, Ioana"]
[Black "Porras Mateo, Alejandra"]
[Result "1-0"]
[WhiteElo "1905"]
[BlackElo "1976"]
[PlyCount "61"]
[EventDate "2006.09.10"]
[EventType "swiss"]
[EventRounds "9"]
[EventCountry "MNE"]
[SourceTitle "CBM 114 Extra"]
[Source "ChessBase"]
[SourceDate "2006.11.03"]
[SourceVersion "1"]
[SourceVersionDate "2006.11.03"]
[SourceQuality "1"]

1. e4 e6 2. d4 d5 3. Nd2 Nf6 4. e5 Nfd7 5. Ngf3 c5 6. c3 Nc6 7. Nb3 Qb6 8. Be2 a5 9. a4 cxd4 10. cxd4 Bb4+ 11. Kf1 f6 12. Bb5 fxe5 13. Nxe5 Ndxe5 14. dxe5 0-0 15. Qe2 Nxe5 16. Be3 Qd6 17. Rc1 Nc6 18. Qd3 Ne7 19. Nd4 e5 20. Nc2 Bf5 21. Qb3 Bc5 22. Ke2 Kh8 23. Bxc5 Qxc5 24. Ne3 Qd6 25. Rhd1 d4 26. Nc4 Qf6 27. Qg3 Ng6 28. Kf1 Nf4 29. Nd2 Bd3+ 30. Bxd3 Nxd3 31. Ne4 1-0

[Event "EU-ch U14 Girls"]
[Site "Herceg Novi"]
[Date "2006.09.13"]
[Round "4"]
[White "Eric, Jovana"]
[Black "Olarasu, Ioana"]
[Result "1-0"]
[WhiteElo "2019"]
[BlackElo "1905"]
[PlyCount "95"]
[EventDate "2006.09.10"]
[EventType "swiss"]
[EventRounds "9"]
[EventCountry "MNE"]
[SourceTitle "CBM 114 Extra"]
[Source "ChessBase"]
[SourceDate "2006.11.03"]
[SourceVersion "1"]
[SourceVersionDate "2006.11.03"]
[SourceQuality "1"]

1. e4 e5 2. Nf3 Nc6 3. Bc4 Bc5 4. c3 d6 5. d3 Nf6 6. Bb3 h6 7. Nbd2 Be6 8. Nf1 0-0 9. Ng3 Qe7 10. 0-0 Bb6 11. Bc2 Rad8 12. d4 exd4 13. Nxd4 Nxd4 14. cxd4 Rfe8 15. b3 d5 16. e5 Nh7 17. Qd3 Nf8 18. a4 Qb4 19. Ne2 Ba5 20. Rd1 Qe7 21. Qg3 Ng6 22. Bxg6 fxg6 23. Qxg6 Bf7 24. Qg3 Kh8 25. Nf4 Qd7 26. Be3 Qf5 27. Nd3 c6 28. b4 Bc7 29. Nc5 Rb8 30. a5 a6 31. Ra3 Qc2 32. Rc1 Qb2 33. Rb3 Qe2 34. Qh3 Qh5 35. Qd7 Rbc8 36. Bd2 Qg6 37. Rg3 Qh5 38. Nxb7 Bb8 39. Nc5 Rc7 40. Qh3 Qxh3 41. Rxh3 Ra7 42. Rhc3 Rc8 43. f4 Bg6 44. g4 Kg8 45. f5 Be8 46. Kf2 Kf7 47. Kf3 g5 48. Kg3 1-0